000 00708nam a2200217Ia 4500
008 191130s2007##################000#0#eng##
020 _a9780131930643
022 _a2006038394
040 _aACL
_cACL
082 _a302 HAM
100 _aHamilton, Vivian
245 _aHuman relations : the art and science of building effective relationships
_cVivian Hamilton
260 _aUpper Saddle River, NJ
_bPearson/Prentice Hall
_cc2007
300 _axvi, 479 p. : ill. ; 24 cm
500 _aIncludes bibliographical references and index
650 _aInterpersonal communication
650 _aInterpersonal Relations
990 _a77412305ac10000c32c85a12604b8841
991 _a29833
999 _c209175
_d209175